Quiz sul Venezuela - Statistics

Statistiche generali
  • Questo quiz è stato fatto 765 volte
  • Il punteggio medio è 12 su 20
Statistiche sulle risposte
Hint Risposta % Corretto
Lingua ufficiale Spagnolo
97%
Colombia
96%
Paesi confinanti Brasile
95%
Capitale Caracas
94%
Guyana
90%
Amerigo Vespucci ha dato il nome al Venezuela perchè le abitazioni indigene, costruite vicino all'acqua, gli ricordavano quelle di questa città Venezia
83%
Mare che bagna il Venezuela Mar dei Caraibi
72%
Il Venezuela ha le maggiori riserve di ________ rispetto a qualsiasi altro paese Petrolio
66%
Nel 2018 questo parametro economico raggiunse il 1,000,000% Inflazione
60%
Sport più popolare Baseball
57%
Presidente del Venezuela eletto nel 2013 Nicolas Maduro
54%
Eroe indipendentista che ha dato il nome alla moneta del paese Simon Bolivar
52%
In Venezuela c'è questa cascata più alta del mondo Salto {Angel}
46%
Considerato un grande lago è in realtà una baia oceanica e ricorda un tormentone degli anni '80 di Lu Colombo Lago {Maracaibo}
40%
Presidente del Venezuela dal 1999 al 2012 Hugo Chavez
38%
Film della Pixar dove compaiono queste montagne Up
32%
Isola di questo mare che ha dato il nome ad un popolare cocktail Isola {Margarita}
30%
Fiume più lungo del paese che richiama una canzone di Enya Orinoco
30%
Le venezuelane hanno vinto 24 volte nei principali _________ C{oncorsi} di b{ellezza}
29%
Montagne dalla sommità piatta tipiche del sud del paese T{epui}
13%
Nessun quiz corrispondente trovato
Distribuzione punteggi
Percentuale di utenti per punteggio
Percentile per numero di risposta
I tuoi punteggi nel tempo
Non hai fatto questo quiz